ბათუმის შოთა რუსთაველის სახელმწიფო უნივერსიტეტის ბიბლიოთეკა

RAPPORT MONDIAL SUR LA CORRUPTION 2005 : (ბიბ.ჩანაწერი № 64194)

000 -LEADER
fixed length control field 00600nam a2200181 4500
003 - CONTROL NUMBER IDENTIFIER
control field Ge_BSU
005 - DATE AND TIME OF LATEST TRANSACTION
control field 20260430172325.0
008 - FIXED-LENGTH DATA ELEMENTS--GENERAL INFORMATION
fixed length control field 260430s2005 fr ||||| |||| 00| 0 fre d
020 ## - INTERNATIONAL STANDARD BOOK NUMBER
International Standard Book Number ‎ 9782717850253x
041 ## - LANGUAGE CODE
Language code of text/sound track or separate title fre
080 ## - UNIVERSAL DECIMAL CLASSIFICATION NUMBER
Universal Decimal Classification number 338:343:69 F-96
100 ## - MAIN ENTRY--PERSONAL NAME
Personal name Fukuyama, Francis
9 (RLIN) 9377
245 ## - TITLE STATEMENT
Title RAPPORT MONDIAL SUR LA CORRUPTION 2005 :
Remainder of title corruption dans le secteur de la construction et la reconstruction d'après-guerre /
Statement of responsibility, etc. Francis Fukuyama.
264 ## - PRODUCTION, PUBLICATION, DISTRIBUTION, MANUFACTURE, AND COPYRIGHT NOTICE
Place of production, publication, distribution, manufacture Paris :
Name of producer, publisher, distributor, manufacturer Economica,
Date of production, publication, distribution, manufacture, or copyright notice 2005.
300 ## - PHYSICAL DESCRIPTION
Extent 395 p.;
Other physical details 24 cm.
653 ## - INDEX TERM--UNCONTROLLED
keyword კორუფცია
942 ## - ADDED ENTRY ELEMENTS (KOHA)
Source of classification or shelving scheme
Koha item type წიგნი
ეგზემპლარები
Withdrawn status Lost status Source of classification or shelving scheme Damaged status Not for loan Permanent Location Current Location Shelving location Date acquired Cost, normal purchase price Full call number Barcode Date last seen Copy number Price effective from Koha item type Public note
          ბათუმის შოთა რუსთაველის სახელმწიფო უნივერსიტეტის მთავარი ბიბლიოთეკა ბათუმის შოთა რუსთაველის სახელმწიფო უნივერსიტეტის მთავარი ბიბლიოთეკა წიგნსაცავი 2026-04-30 25.00 338:343:69 F-96 74440 2026-04-30 74440 2026-04-30 წიგნი 25 ლ.